Central Library OPAC University of Rajshahi

Remembering : (Record no. 32923)

MARC details
000 -LEADER
fixed length control field 00832nam a22002532a 4500
001 - CONTROL NUMBER
control field 32923
003 - CONTROL NUMBER IDENTIFIER
rucl marc code BD-RjUL
005 - DATE AND TIME OF LATEST TRANSACTION
control field 20211209051921.0
008 - FIXED-LENGTH DATA ELEMENTS--GENERAL INFORMATION
fixed length control field 140429s1954 uk 000 0 eng d
020 ## - INTERNATIONAL STANDARD BOOK NUMBER
International Standard Book Number 0521094410
035 ## - SYSTEM CONTROL NUMBER
System control number (UkLCURL)050010878658
-- (BD-RjUL)33013
040 ## - CATALOGING SOURCE
Original cataloging agency UkOxU
Language of cataloging eng
Transcribing agency UkOxU
Modifying agency BD-RjUL
041 ## - LANGUAGE CODE
Language code of text/sound track or separate title eng
082 14 - DEWEY DECIMAL CLASSIFICATION NUMBER
Classification number 153.123
Author mark and year BAR 1954
100 1# - MAIN ENTRY--PERSONAL NAME
Personal name Bartlett, Frederic C.
Fuller form of name (Frederic Charles),
Dates associated with a name 1887-1969.
9 (RLIN) 4129
245 10 - TITLE STATEMENT
Title Remembering :
Remainder of title a study in experimental and social psychology /
Statement of responsibility, etc. Frederick C. Bartlett.
260 ## - PUBLICATION, DISTRIBUTION, ETC. (IMPRINT)
Place of publication, distribution, etc. Cambridge :
Name of publisher, distributor, etc. Cambridge University Press,
Date of publication, distribution, etc. 1954.
300 ## - PHYSICAL DESCRIPTION
Pagination 317 p :
Illustrations ill ;
Size 21 cm.
650 #0 - SUBJECT ADDED ENTRY--TOPICAL TERM
Topical term or geographic name as entry element Memory.
9 (RLIN) 100079
Topical term or geographic name as entry element Recognition (Psychology)
9 (RLIN) 93258
Topical term or geographic name as entry element Psychophysiology
9 (RLIN) 100080
Topical term or geographic name as entry element Social psychology
9 (RLIN) 100081
942 ## - ADDED ENTRY ELEMENTS (KOHA)
Source of classification or shelving scheme Dewey Decimal Classification
Koha item type Books
Holdings
Lost status Source of classification or shelving scheme Damaged status Not for loan Permanent Location Current Location Shelving location Date acquired Source of acquisition Cost, normal purchase price Total Checkouts Full call number Date last seen Copy number Koha item type Collection code
  Dewey Decimal Classification     Central Library, University of Rajshahi Central Library, University of Rajshahi   23/01/1962 B. H. Blackwell 1.51   153.123 BAR 1954 29/04/2014 C-2 Books  
  Dewey Decimal Classification     Central Library, University of Rajshahi Central Library, University of Rajshahi   12/12/1962 Zeitlinger 0.00   153.123 BAR 1961 30/04/2014 C-3 Books Non-fiction